Любовь и самосознание личности в русской литературе (Запис № 461117)

МАРК-запис
000 -Лідер
fixed length control field 01183 a2200241 4500
003 - Ідентифікатор контрольного номера
control field UA-OsUOA
005 - Дата та час останнього входження (трансакції)
control field 20200825103601.0
008 - Елементи даних фіксованої довжини – загальна інформація
fixed length control field 200825b un ||||| |||| 00| 0 rus d
020 ## - Міжнародний стандартний книжковий номер (ISBN)
Міжнародний стандартний книжковий номер (ISBN) (НП) 9786177068005
040 ## - Джерело каталогізації
Агенція оригінальної каталогізації UA-OsUOA
Мова каталогізації ukr
Агенція, яка здійснювала перезапис UA-OsUOA
Агенція, яка здійснювала модифікацію UA-OsUOA
041 ## - Код мови
Код мови тексту/ звукової доріжки чи окремого заголовка (П) rus
080 ## - Індекс Універсальної десяткової класифікації
Індекс Універсальної десяткової класифікації (УДК) (НП) 82.09(470+571)
090 ## - Локальний шифр розміщення
Класифікаційний індекс УДК 82.09(470+571)
Авторський знак (НП) Р 63
100 ## - Основне введення – ім’я особи
Ім’я особи (НП) Романова Е. И.
245 ## - Відомості про назву
Назва (НП) Любовь и самосознание личности в русской литературе
Решта назви (НП) монография
Дані про відповідальність (НП) Е. И. Романова
260 ## - Публікація, розповсюдження і т.п. (Вихідні дані)
Ім’я/ наймення видавництва, розповсюджувача і т.п. (П) Новая идеология
Дата публікації, розповсюдження і т.п. (П) 2012
Місце публікації, розповсюдження і т.п. (П) Днипропетровск
300 ## - Фізичний опис
Обсяг 286 с.
520 ## - Резюме і т.п.
Резюме, реферат, анотація, тощо (НП) Монографію присвячено дослідженню художнього втілення історично зумовлених модифікаційкультурного феномену кохання у російській літературі XVIII - XX ст.
650 ## - Додаткове предметне введення – тематичний термін
Джерело заголовка чи терміна UDC
Тематичний термін чи географічна назва, як елемент введення (НП) 82 Література. Літературознавство
942 ## - Додаткові елементи входу (Коха)
Тип елемента Koha Книги
Source of classification or shelving scheme Universal Decimal Classification
955 ## - Код типу видання за змістом
Код типу видання за змістом (НП) Наукові видання
Фонди
Стан вилучень Стан втрат Джерело класифікації або схеми стелажів Стан уражень Не для кредиту Код колекції Постійне місце розташування Поточне розміщення Дата придбання Джерело придбання Вартість, звичайна ціна покупки Усього замовленно Повний номер виклику Штрих-код Дата останнього перегляду Вартість, ціна заміни Ціна ефективна від Тип елемента Koha
    Universal Decimal Classification     Колекція Жулинського М.Г. ЧЗ - Читальна зала ЧЗ - Читальна зала 25/08/2020 №13/24.06.20 55.00   82.09(470+571) Р 63 162730 06/02/2022 55.00 25/08/2020 Книги